[Event "World Chess Cup 2011"]
[Site "0:01.49-0:06.34"]
[Date "2011.09.01"]
[Round "22"]
[White "Almasi, Zoltan"]
[Black "Parligras, Mircea-Emilian"]
[Result "1/2-1/2"]
[WhiteElo "2726"]
[BlackElo "2636"]
[PlyCount "71"]
[EventDate "2011.??.??"]
[WhiteTeam "Ungarn"]
[BlackTeam "Rumänien"]
[WhiteTeamCountry "HUN"]
[BlackTeamCountry "ROU"]

1. d4 Nf6 2. Nf3 e6 3. c4 d5 4. g3 Bb4+ 5. Bd2 Be7 6. Bg2 O-O 7. O-O c6 8. Qc2
Nbd7 9. Bf4 b6 10. Nbd2 Nh5 11. cxd5 Nxf4 12. Qxc6 Nxe2+ 13. Kh1 Ba6 14. dxe6
fxe6 15. Qxe6+ Kh8 16. Rfe1 Bf6 17. Rxe2 Bxe2 18. Qxe2 Re8 19. Ne4 Rc8 20. Bh3
Rc7 21. Re1 Bxd4 22. Rd1 Bf6 23. Bf5 Qa8 24. Nfd2 Nc5 25. f3 Rce7 26. b4 Nxe4
27. Nxe4 g6 28. Bh3 Rxe4 29. fxe4 Qxe4+ 30. Qxe4 Rxe4 31. b5 Kg7 32. Bg2 Re7
33. Bc6 h5 34. Rd2 Bc3 35. Rd3 Bb4 36. Rd7 1/2-1/2

[Event "World Chess Cup 2011"]
[Site "0:18.45-0:07.00"]
[Date "2011.09.01"]
[Round "22"]
[White "Lysyj, Igor"]
[Black "Ivanov, Alexander"]
[Result "1/2-1/2"]
[WhiteElo "2629"]
[BlackElo "2538"]
[PlyCount "47"]
[EventDate "2011.??.??"]
[WhiteTeam "Russland"]
[BlackTeam "Vereinigte Staaten"]
[WhiteTeamCountry "RUS"]
[BlackTeamCountry "USA"]

1. d4 Nf6 2. c4 e6 3. Nf3 b6 4. g3 Bb7 5. Bg2 Be7 6. Nc3 Ne4 7. Bd2 Bf6 8. O-O
O-O 9. Be1 Nxc3 10. Bxc3 Be4 11. Qa4 d6 12. Rfd1 Qe8 13. Qxe8 Rxe8 14. Rac1 a5
15. Nd2 Bxg2 16. Kxg2 Nc6 17. Ne4 Bd8 18. Be1 Ne7 19. Nc3 d5 20. e4 dxe4 21.
Nxe4 c6 22. Nc3 Rc8 23. f3 Rc7 24. Bf2 1/2-1/2

[Event "World Chess Cup 2011"]
[Site "0:00.02-0:12.42"]
[Date "2011.09.01"]
[Round "22"]
[White "Shankland, Samuel L"]
[Black "Gupta, Abhijeet"]
[Result "0-1"]
[WhiteElo "2539"]
[BlackElo "2627"]
[PlyCount "136"]
[EventDate "2011.??.??"]
[WhiteTeam "Vereinigte Staaten"]
[BlackTeam "Indien"]
[WhiteTeamCountry "USA"]
[BlackTeamCountry "IND"]

1. c4 Nf6 2. Nc3 d5 3. cxd5 Nxd5 4. g3 g6 5. Bg2 Nxc3 6. bxc3 Bg7 7. Rb1 Nc6 8.
Nh3 O-O 9. O-O Na5 10. Qa4 c5 11. Nf4 Rb8 12. d3 Bd7 13. Qa3 b6 14. c4 Bc6 15.
Bb2 e6 16. Rfd1 Bxg2 17. Kxg2 Nc6 18. e3 Qe7 19. Bxg7 Kxg7 20. Qc3+ Qf6 21.
Qxf6+ Kxf6 22. h4 Rfd8 23. Kf3 Rd7 24. Ke2 Rbd8 25. Rb3 h6 26. Nh3 e5 27. f3
Ke6 28. Nf2 f5 29. f4 Kf6 30. Rbb1 Re7 31. Rh1 h5 32. Rbd1 Rde8 33. Rh3 Nd8 34.
Kd2 Nf7 35. Re1 Rd7 36. Kc3 Nd6 37. Rhh1 e4 38. Rd1 exd3 39. Rxd3 Red8 40. Rhd1
Ke6 41. Nh3 a6 42. a4 b5 43. axb5 axb5 44. Ng5+ Ke7 45. cxb5 Nxb5+ 46. Kc2 Rxd3
47. Rxd3 Rxd3 48. Kxd3 Nd6 49. Nf3 Ke6 50. Ne5 Kd5 51. Nxg6 c4+ 52. Ke2 Kc5 53.
Ne7 Kb4 54. Kd2 Kb3 55. Kc1 Kc3 56. Nc6 Ne4 57. Ne5 Nxg3 58. Kd1 Kb3 59. Kc1
Ne2+ 60. Kd2 Nc3 61. Kc1 Na2+ 62. Kd1 Nb4 63. Nf3 c3 64. Nd4+ Kb2 65. e4 fxe4
66. f5 Nd5 67. Nc2 e3 68. Nd4 Nf4 0-1

[Event "World Chess Cup 2011"]
[Site "0:43.01-0:49.35"]
[Date "2011.09.01"]
[Round "22"]
[White "Le, Quang Liem"]
[Black "Grachev, Boris"]
[Result "1/2-1/2"]
[WhiteElo "2715"]
[BlackElo "2680"]
[PlyCount "139"]
[EventDate "2011.??.??"]
[WhiteTeam "Vietnam"]
[BlackTeam "Russland"]
[WhiteTeamCountry "VIE"]
[BlackTeamCountry "RUS"]

1. Nf3 d5 2. d4 e6 3. c4 a6 4. cxd5 exd5 5. Nc3 c6 6. Bf4 Bd6 7. Bxd6 Qxd6 8.
e3 Nf6 9. Bd3 O-O 10. h3 Nbd7 11. O-O Re8 12. Qc2 Nf8 13. Rab1 Ng6 14. b4 Qe7
15. a4 Ne4 16. b5 axb5 17. axb5 Ng5 18. Nxg5 Qxg5 19. f4 Qf6 20. f5 Nh4 21. Nd1
Qg5 22. bxc6 bxc6 23. Kh2 g6 24. fxg6 hxg6 25. Qf2 Re7 26. Rb6 Bd7 27. Qg3
Qxg3+ 28. Kxg3 g5 29. Rb7 Kf8 30. Rf2 Ra3 31. Bb1 c5 32. Ra2 Rxa2 33. Bxa2 cxd4
34. exd4 Nxg2 35. Rxd7 Rxd7 36. Kxg2 Ra7 37. Bxd5 Ra4 38. Ne3 Rxd4 39. Bf3 Ra4
40. Nf5 Kg8 41. Kg3 Kh7 42. Bh5 Rf4 43. Bg4 Rb4 44. Bh5 Rf4 45. Bg4 Rf1 46. h4
Rg1+ 47. Kf3 gxh4 48. Nxh4 Kh6 49. Kf4 Ra1 50. Bf5 Rf1+ 51. Nf3 Kg7 52. Bd3 Rf2
53. Be4 Kf6 54. Bd3 Ra2 55. Be4 Ra4 56. Ng5 Ra5 57. Nf3 Rc5 58. Nd4 Rc4 59. Nf3
Ke7 60. Ne5 Ra4 61. Nf3 f6 62. Kf5 Ra5+ 63. Kf4 Ra1 64. Kf5 Ra4 65. Nh4 Kf7 66.
Bd5+ Kg7 67. Be4 Ra5+ 68. Kf4 f5 69. Nxf5+ Rxf5+ 70. Kxf5 1/2-1/2

[Event "World Chess Cup 2011"]
[Site "0:37.08-0:34.11"]
[Date "2011.09.01"]
[Round "22"]
[White "Nielsen, Peter Heine"]
[Black "Adams, Michael"]
[Result "1/2-1/2"]
[WhiteElo "2681"]
[BlackElo "2715"]
[PlyCount "39"]
[EventDate "2011.??.??"]
[WhiteTeam "Dänemark"]
[BlackTeam "England"]
[WhiteTeamCountry "DEN"]
[BlackTeamCountry "ENG"]

1. d4 Nf6 2. c4 e6 3. g3 d5 4. Bg2 Bb4+ 5. Bd2 Be7 6. Nf3 c6 7. Qc2 Nbd7 8. O-O
O-O 9. Rd1 b6 10. b3 Ba6 11. a4 Ne4 12. Be1 f5 13. a5 Bd6 14. e3 Qe7 15. Nc3
Ndf6 16. Ra2 Nxc3 17. Qxc3 c5 18. axb6 axb6 19. Rda1 Bb7 20. Rxa8 1/2-1/2

[Event "World Chess Cup 2011"]
[Site "0:01.18-0:09.02"]
[Date "2011.09.01"]
[Round "22"]
[White "Shirov, Alexei"]
[Black "Potkin, Vladimir"]
[Result "0-1"]
[WhiteElo "2714"]
[BlackElo "2682"]
[PlyCount "66"]
[EventDate "2011.??.??"]
[WhiteTeam "Spanien"]
[BlackTeam "Russland"]
[WhiteTeamCountry "ESP"]
[BlackTeamCountry "RUS"]

1. e4 e6 2. d4 d5 3. Nc3 Nf6 4. e5 Nfd7 5. f4 c5 6. Nf3 Nc6 7. Be3 a6 8. Ne2
Qb6 9. Qc1 Be7 10. g3 cxd4 11. Nexd4 Nc5 12. Bh3 Qa5+ 13. Kf2 Bd7 14. Nb3 Ne4+
15. Kg2 Qc7 16. c4 Nb4 17. cxd5 Qc2+ 18. Qxc2 Nxc2 19. Bb6 Nxa1 20. dxe6 fxe6
21. Rxa1 Rc8 22. Nbd4 Bc5 23. Bxc5 Nxc5 24. b4 Nd3 25. Rd1 Nb2 26. Rb1 Nd3 27.
Bxe6 Bxe6 28. Nxe6 Rc2+ 29. Kh3 g6 30. Nc5 Nf2+ 31. Kh4 b6 32. Nxa6 O-O 33. e6
Rf5 0-1

[Event "World Chess Cup 2011"]
[Site "0:07.46-0:09.34"]
[Date "2011.09.01"]
[Round "22"]
[White "Wojtaszek, Radoslaw"]
[Black "Jobava, Baadur"]
[Result "0-1"]
[WhiteElo "2683"]
[BlackElo "2713"]
[PlyCount "70"]
[EventDate "2011.??.??"]
[WhiteTeam "Polen"]
[BlackTeam "Georgien"]
[WhiteTeamCountry "POL"]
[BlackTeamCountry "GEO"]

1. d4 Nf6 2. c4 e6 3. Nf3 Bb4+ 4. Nbd2 b6 5. a3 Bxd2+ 6. Qxd2 Bb7 7. e3 d6 8.
Be2 Nbd7 9. O-O O-O 10. b4 Ne4 11. Qc2 c5 12. Bb2 Rc8 13. Rfd1 Qe7 14. Qb3 f5
15. Ne1 Qh4 16. g3 Qe7 17. f3 Ng5 18. bxc5 bxc5 19. h4 Nf7 20. Qxb7 Rb8 21.
Qxa7 Rxb2 22. Kf1 cxd4 23. Qxd4 Rfb8 24. Nd3 e5 25. Qxb2 Rxb2 26. Nxb2 f4 27.
Kg2 fxg3 28. Kxg3 e4 29. f4 Nh6 30. Rd5 Qf6 31. Rb1 Qc3 32. Kf2 Qc2 33. Rdd1
Ng4+ 34. Ke1 Qc3+ 35. Rd2 Qxe3 0-1

[Event "World Chess Cup 2011"]
[Site "0:08.55-0:05.06"]
[Date "2011.09.01"]
[Round "22"]
[White "Caruana, Fabiano"]
[Black "Drozdovskij, Yuri"]
[Result "1-0"]
[WhiteElo "2711"]
[BlackElo "2614"]
[PlyCount "179"]
[EventDate "2011.??.??"]
[WhiteTeam "Italien"]
[BlackTeam "Ukraine"]
[WhiteTeamCountry "ITA"]
[BlackTeamCountry "UKR"]

1. d4 Nf6 2. c4 e6 3. Nf3 d5 4. g3 dxc4 5. Bg2 a6 6. O-O Nc6 7. e3 Bd7 8. Nc3
Nd5 9. Nd2 Nb6 10. Qe2 Na5 11. Nf3 Bb4 12. Bd2 O-O 13. Rfc1 Qe7 14. Ne4 Bb5 15.
Bxb4 Qxb4 16. Qc2 h6 17. Ne5 Na4 18. Rab1 Rac8 19. Bf1 Rfd8 20. a3 Qe7 21. Nxc4
Nxc4 22. Bxc4 e5 23. Bxb5 axb5 24. dxe5 Qxe5 25. b3 Nb6 26. Nc5 Rb8 27. Rd1
Rxd1+ 28. Rxd1 Qe7 29. a4 bxa4 30. bxa4 Ra8 31. Rd4 c6 32. Re4 Qc7 33. Qb3 Nd5
34. Qxb7 Qxb7 35. Nxb7 Nc3 36. Rc4 Nxa4 37. Rxc6 Nb2 38. Nd6 Nd3 39. Rc8+ Rxc8
40. Nxc8 h5 41. Nd6 g6 42. e4 Kf8 43. Kf1 Ke7 44. Nc4 Nc5 45. Nd2 Ne6 46. Ke2
Nc5 47. Ke3 Nd7 48. Kd4 Ke6 49. f4 Ke7 50. Nc4 Nf8 51. Ne3 Nd7 52. h3 Ke6 53.
Nd5 Kd6 54. Nb4 Nf8 55. Nd3 Ne6+ 56. Ke3 Ng7 57. Ne5 Ke7 58. Nc6+ Kd6 59. Nd4
Ne8 60. h4 Ng7 61. Nf3 Ke7 62. Ne5 Kf6 63. Nf3 Ke7 64. Kd4 Kd6 65. Kd3 Ke7 66.
Nd4 Ne8 67. Ke3 Ng7 68. f5 Kf6 69. fxg6 Kxg6 70. Kf4 Ne8 71. Ke5 Ng7 72. Ne2
Ne8 73. Nf4+ Kh6 74. Kd4 Nf6 75. Ke5 Ng4+ 76. Kf5 f6 77. Nd3 Kg7 78. Nf4 Kh6
79. Nd5 Kg7 80. Ke6 Kg6 81. Nf4+ Kh6 82. Kf5 Nf2 83. Nd5 Nh1 84. Kf4 Nf2 85.
Nxf6 Kg6 86. Nd5 Nd3+ 87. Ke3 Ne5 88. Nf4+ Kh6 89. Kd4 Nf3+ 90. Kd5 1-0

[Event "World Chess Cup 2011"]
[Site "0:25.10-0:25.10"]
[Date "2011.09.01"]
[Round "22"]
[White "Riazantsev, Alexander"]
[Black "Nepomniachtchi, Ian"]
[Result "1/2-1/2"]
[WhiteElo "2688"]
[BlackElo "2711"]
[PlyCount "21"]
[EventDate "2011.??.??"]
[WhiteTeam "Russland"]
[BlackTeam "Russland"]
[WhiteTeamCountry "RUS"]
[BlackTeamCountry "RUS"]

1. d4 Nf6 2. c4 g6 3. g3 c6 4. Bg2 d5 5. cxd5 cxd5 6. Nc3 Bg7 7. Nf3 O-O 8. Ne5
e6 9. O-O Nfd7 10. f4 Nc6 11. Be3 1/2-1/2

[Event "World Chess Cup 2011"]
[Site "0:25.10-0:25.10"]
[Date "2011.09.01"]
[Round "22"]
[White "Bacrot, Etienne"]
[Black "Filippov, Anton"]
[Result "1-0"]
[WhiteElo "2710"]
[BlackElo "2606"]
[PlyCount "115"]
[EventDate "2011.??.??"]
[WhiteTeam "Frankreich"]
[BlackTeam "Usbekistan"]
[WhiteTeamCountry "FRA"]
[BlackTeamCountry "UZB"]

1. Nf3 d5 2. d4 Nf6 3. c4 e6 4. g3 Bb4+ 5. Bd2 Be7 6. Bg2 c6 7. O-O O-O 8. Bf4
Nbd7 9. Nc3 dxc4 10. e4 Re8 11. a4 a5 12. Qc2 b6 13. Rfd1 Bf8 14. d5 cxd5 15.
e5 Ne4 16. Nxe4 dxe4 17. Ng5 Ra7 18. Qxe4 g6 19. Qxc4 Qc7 20. Qc6 Bg7 21. Rac1
Qxc6 22. Bxc6 Rf8 23. Nf3 Rc7 24. Rd6 Nc5 25. Bb5 Bb7 26. Ne1 Rcc8 27. Rxb6 Bd5
28. Be3 Nb3 29. Rxc8 Rxc8 30. Ba6 Rd8 31. Bb7 Bc4 32. Rd6 Rb8 33. Nf3 Bf8 34.
Rd7 h6 35. Nd2 Nxd2 36. Bxd2 Bb3 37. Bc6 Rc8 38. Bb5 Rc2 39. Rd8 Kg7 40. Kf1
Be7 41. Rd3 Bc5 42. Rc3 Rxd2 43. Rxc5 Rd4 44. Ke2 Rb4 45. Kd3 Bxa4 46. Bxa4
Rxa4 47. h4 Ra1 48. Kc4 a4 49. Ra5 h5 50. b4 g5 51. hxg5 Kg6 52. Kb5 a3 53. Ka6
Rb1 54. b5 Rb2 55. b6 Rxf2 56. b7 Rb2 57. Rxa3 Kxg5 58. Ra5 1-0

[Event "World Chess Cup 2011"]
[Site "0:22.49-0:17.21"]
[Date "2011.09.01"]
[Round "22"]
[White "Tomashevsky, Evgeny"]
[Black "Andreikin, Dmitry"]
[Result "1/2-1/2"]
[WhiteElo "2707"]
[BlackElo "2696"]
[PlyCount "44"]
[EventDate "2011.??.??"]
[WhiteTeam "Russland"]
[BlackTeam "Russland"]
[WhiteTeamCountry "RUS"]
[BlackTeamCountry "RUS"]

1. d4 c5 2. d5 g6 3. e4 Bg7 4. Nf3 d6 5. Bb5+ Nd7 6. a4 Ngf6 7. Nc3 a6 8. Be2
h6 9. a5 g5 10. O-O g4 11. Nh4 Ne5 12. Bf4 Bd7 13. Re1 Qc7 14. Nf5 Bxf5 15.
exf5 h5 16. Bxe5 dxe5 17. Ra4 Rd8 18. Qd3 Kf8 19. Qc4 Rc8 20. Ne4 Rh6 21. Bd3
Nd7 22. Qa2 Qd8 1/2-1/2

[Event "World Chess Cup 2011"]
[Site "0:25.10-0:25.10"]
[Date "2011.09.01"]
[Round "22"]
[White "Berkes, Ferenc"]
[Black "Efimenko, Zahar"]
[Result "0-1"]
[WhiteElo "2696"]
[BlackElo "2706"]
[PlyCount "54"]
[EventDate "2011.??.??"]
[WhiteTeam "Ungarn"]
[BlackTeam "Ukraine"]
[WhiteTeamCountry "HUN"]
[BlackTeamCountry "UKR"]

1. Nf3 Nf6 2. g3 d5 3. Bg2 g6 4. c4 dxc4 5. Qa4+ c6 6. Qxc4 Bg7 7. d3 Nbd7 8.
O-O Nb6 9. Qc2 O-O 10. e4 Bd7 11. Be3 Qc8 12. Bc5 Re8 13. Nbd2 Bh3 14. Bxh3
Qxh3 15. Qb3 Bh6 16. Bxb6 axb6 17. Nc4 Ng4 18. Qxb6 e5 19. a4 Re6 20. a5 Rae8
21. a6 bxa6 22. Rxa6 Kg7 23. Qxc6 Rxc6 24. Rxc6 Rd8 25. Rc7 Rxd3 26. Rxf7+ Kg8
27. Re1 Bf4 0-1

[Event "World Chess Cup 2011"]
[Site "0:25.10-0:25.10"]
[Date "2011.09.01"]
[Round "22"]
[White "Felgaer, Ruben"]
[Black "Zherebukh, Yaroslav"]
[Result "1-0"]
[WhiteElo "2573"]
[BlackElo "2590"]
[PlyCount "47"]
[EventDate "2011.??.??"]
[WhiteTeam "Argentinien"]
[BlackTeam "Ukraine"]
[WhiteTeamCountry "ARG"]
[BlackTeamCountry "UKR"]

1. e4 c5 2. Nc3 d6 3. f4 Nc6 4. Nf3 e6 5. d4 cxd4 6. Nxd4 Nxd4 7. Qxd4 Ne7 8.
Be3 Nc6 9. Qd2 Be7 10. O-O-O a6 11. g4 b5 12. Kb1 O-O 13. g5 Bd7 14. Qf2 f5 15.
exf5 Rxf5 16. Bh3 Rf7 17. Qg2 Bf8 18. Ne4 d5 19. g6 Re7 20. gxh7+ Kh8 21. Ng5
g6 22. f5 exf5 23. Qxd5 Bg7 24. Bc5 1-0

[Event "World Chess Cup 2011"]
[Site "0:02.50-0:28.12"]
[Date "2011.09.01"]
[Round "22"]
[White "Fressinet, Laurent"]
[Black "Sutovsky, Emil"]
[Result "1/2-1/2"]
[WhiteElo "2698"]
[BlackElo "2700"]
[PlyCount "78"]
[EventDate "2011.??.??"]
[WhiteTeam "Frankreich"]
[BlackTeam "Israel"]
[WhiteTeamCountry "FRA"]
[BlackTeamCountry "ISR"]

1. c4 g6 2. g3 Bg7 3. Bg2 c5 4. Nc3 Nc6 5. Nf3 e6 6. d3 Nge7 7. Bg5 h6 8. Bd2
d6 9. Qc1 e5 10. O-O Be6 11. Rb1 Rc8 12. e4 Nd4 13. b4 Bg4 14. Ne1 cxb4 15.
Rxb4 b5 16. f3 Be6 17. Rxb5 Nxb5 18. Nxb5 a6 19. Nc3 Qb6+ 20. Be3 Qa5 21. Bd2
Qb6+ 22. Rf2 Rb8 23. Nc2 Nc6 24. Bf1 Nd4 25. Nxd4 exd4 26. Nd5 Bxd5 27. exd5
O-O 28. Bxh6 Bxh6 29. Qxh6 Qb1 30. Qf4 Rb2 31. Rxb2 Qxb2 32. h4 Re8 33. h5 Re1
34. hxg6 fxg6 35. Qxd6 Rxf1+ 36. Kxf1 Qc1+ 37. Kg2 Qd2+ 38. Kh3 Qh6+ 39. Kg2
Qd2+ 1/2-1/2

[Event "World Chess Cup 2011"]
[Site "0:00.54-0:00.56"]
[Date "2011.09.02"]
[Round "24"]
[White "Bu, Xiangzhi"]
[Black "Vachier-Lagrave, Maxime"]
[Result "1-0"]
[WhiteElo "2675"]
[BlackElo "2722"]
[PlyCount "141"]
[EventDate "2011.??.??"]
[WhiteTeam "China"]
[BlackTeam "Frankreich"]
[WhiteTeamCountry "CHN"]
[BlackTeamCountry "FRA"]

1. Nf3 Nf6 2. c4 b6 3. g3 Bb7 4. Bg2 g6 5. O-O Bg7 6. Nc3 O-O 7. d4 Ne4 8. Nxe4
Bxe4 9. Be3 d5 10. Rc1 Nc6 11. Qd2 dxc4 12. Rxc4 Na5 13. Rcc1 Rc8 14. b4 Nb7
15. Rfd1 e6 16. Bf1 a5 17. a3 axb4 18. axb4 Nd6 19. Bg5 f6 20. Bh6 Bxh6 21.
Qxh6 Nf5 22. Qf4 Bb7 23. d5 e5 24. Qd2 e4 25. Ne1 e3 26. fxe3 Re8 27. Rc3 Nd6
28. Qa2 Ne4 29. Rcd3 Qd6 30. Nf3 Ra8 31. Qb2 Bc8 32. Bg2 Ra4 33. Rd4 Bd7 34.
Rc1 Ra7 35. Qc2 Qe7 36. Qb3 Nd6 37. Rd3 Rea8 38. Nd4 Ra1 39. Qc3 Rxc1+ 40. Qxc1
Qe5 41. Rc3 Ra7 42. Kf2 f5 43. Ra3 Rxa3 44. Qxa3 Ne4+ 45. Bxe4 fxe4 46. Qa8+
Kf7 47. Ke1 Qe7 48. b5 Qb4+ 49. Kf2 Qf8 50. Qa4 Kg7+ 51. Ke1 Qd6 52. Qc4 Qe5
53. Ne6+ Bxe6 54. dxe6 Kf6 55. Qc6 g5 56. Qd7 Qxe6 57. Qxc7 h6 58. Qd8+ Kg6 59.
Qc7 Kh5 60. Qc6 Qb3 61. Qe8+ Kg4 62. Qd7+ Kh5 63. Kf2 Qc4 64. Qe8+ Kg4 65. Qc6
Qf7+ 66. Kg2 Kh5 67. Qxe4 Qd7 68. Qf3+ g4 69. Qc6 Qf7 70. e4 Qe7 71. Qc5+ 1-0